《东南苦行山》(東南苦行山)歌词 - Statistics

General Stats
  • This quiz has been taken 27 times
  • The average score is 8 of 12
Answer Stats
歌词 % Correct
来自中原一群伙伴
100%
结庐东南山
92%
龙珠合十在胸膛
65%
秉承千年卓绝意志
65%
香火在雨中烧几十个暑和寒
65%
返指五岳和三江
65%
潜修东南山
62%
血脉相连一方苦行山
62%
龙珠九转十二金光
62%
宁静致远风雨声响
58%
尘缘难尽默对寒窗
50%
不绝如缕持香案
50%
No matching quizzes found
Score Distribution
Percent of People with Each Score
Percentile by Number Answered
Your Score History
You have not taken this quiz